• 首页
  • 本馆介绍
  • 公告通知
  • 最新文献
  • 馆藏检索
  • 电子资源
  • 读者荐购
  • 参考咨询
  • CALIS
  • 我的图书馆
  • 登录
  • 详细信息显示
  • 放入我的书架
  • 预约/预借图书
  • 作者相关作品
  • 分类相关作品
  • 丛书相关作品
  • 出版社相关作品

书目信息

  • 表格格式
  • 工作单格式
  • 卡片格式
题名:
中外历史上的今天
    
 
作者: 林丙义 主编
分册:  
出版信息: 郑州   河南人民出版社  1999.07
页数: 1344页
开本: 32开
丛书名:
单 册:
中图分类: K109
科图分类:
主题词: 世界史:通史
电子资源:
ISBN: 7-215-04148-4
 
 
 
 
 
000 00559nam0 2200193 45
001 0007251674
005 20000725164323.8
010    @a7-215-04148-4@d78.00元
100    @a20000725d1999 km y0chiy0120 ea
101 0  @achi
105    @a z 000yy
200 1  @a中外历史上的今天@AZhong Wai Li Shi Shang De Jin Tian@f林丙义主编@FLin Bing Yi Zhu Bian
210    @a郑州@c河南人民出版社@d1999.07
215    @a1344页@d32开
606 0  @a世界史:通史
690    @aK109@v3
701  0 @a林丙义@4主编
801    @aCN@bPftUser@c20000725
905    @b77173-174@dK109@eL907@f2
    
    中外历史上的今天/林丙义主编.-郑州:河南人民出版社,1999.07
    1344页;32开
    
    
    ISBN 7-215-04148-4:78.00元
    
●
相关链接 在E读中查询图书 在当当中查询图书 在豆瓣中查询图书


正题名:中外历史上的今天     索取号:K109/L907         预约/预借

序号 登录号 条形码 馆藏地/架位号 状态 备注
1 77173   200771735   社科库309/309社科库 104排3列1层/ [索取号:K109/L907] 在馆    
2 77174   200771744   社科库309/309社科库 104排3列1层/ [索取号:K109/L907] 在馆    
河南城建学院图书馆 欢迎您!
大连网信软件有限公司© 版权所有